Statistics for Among us logic Fun

Click here to take the quiz!

General Stats

  • This quiz has been taken 50 times
  • The average score is 10 of 15

Answer Stats

QuestionAnswer% Correct
What hat did Player wear in the Halloween episode?Devil Horns
100%
Who is not in the cheaters lobby?Veteran
90%
What is Mother's youngest kid.Franklin
80%
Who calls Mr cheese dumb?Goober
80%
What color was veteran forced to wear when Not orange came in the lobby.Green
80%
What did Captain have to change his name to when Pirate joined the lobby?Leader
75%
How does Ninja kill player in episode 2?Alien Tongue
70%
What does Stoner call Player?Gullible Little Noob
70%
Why did Captain get voted out in episode 2?He was chasing Stoner
70%
What is Player's Girlfriend's Name?Noob
65%
Why did Mr cheese tell a long story in episode 17?His Sabotage Cool down
60%
What does Player guess Captain's is?George
55%
Who were the impostors in episode 5?Mr. Cheese, Captain, and Mother
55%
How many New England patriots were there in episode ?5
45%
Who is Player not Friends with?Captain
30%

Score Distribution

Percentile by Number Answered

Percent of People with Each Score

Your Score History

You have not taken this quiz